LDR 00648naa#a2200169#i#450# 001 EN\\bibl\121263 005 20260502053104.6 011 ## _a1994-4683 100 ## _a20230803b2023####ek#y0engy0150####ca 102 ## _aRU 200 1# _aORGANIZATIONAL AND PEDAGOGICAL CONDITIONS FOR PREPARING STUDENTS OF THE 5 GRADE TO IMPLEMENT THE STANDARDS OF THE GTO COMPLEX _eJournal article 210 1# _aMoscow _cNational State University of Physical Education, Sports and Health named after P.F. Lesgaft _d2023 215 ## _a6 с. 608 ## _aJournal article _2local 675 ## _aфизической культуре. 372.879.6 _z 700 #1 _a _g 856 4# _auchzapiski.lesgaft.spb.ru _u